| 000 | 00604nam a2200217Ia 4500 | ||
|---|---|---|---|
| 005 | 20250326144121.0 | ||
| 008 | 250326s9999 xx 000 0 und d | ||
| 020 | _a978-1-4051-8257-7 | ||
| 037 | _aTextbook | ||
| 040 |
_aFMSL _beng _cFMSL |
||
| 041 |
_aeng _2eng |
||
| 084 |
_aXobB28 P08 _qFMSL |
||
| 100 | _aKennedy Peter | ||
| 245 | 0 |
_aGuide to econometrics 6E _cKennedy Peter |
|
| 260 |
_aUnited Kingdom _bUnited Kingdom, Blackwell _c2008 |
||
| 300 | _axii,585 | ||
| 365 | _b1800.9459999999999 | ||
| 650 | _aEconomics | ||
| 942 |
_cTB _hXobB28 P08 |
||
| 999 |
_c1302420 _d1302420 |
||